| 000 | 00414cam a2200181ua 4500 | ||
|---|---|---|---|
| 020 | _c1.00 | ||
| 041 |
_ahin _h |
||
| 082 |
_a891.54 _bMAL/BA |
||
| 100 | _aMalati, Parulkar . | ||
| 245 |
_aBali / _cMalati Parulkar. _hTextual Documents |
||
| 250 |
_a1 / _b. |
||
| 260 |
_aDelhi : _bRajkamal Prakash , _c1961. |
||
| 300 | _a127 ; . | ||
| 365 | _a1.00 | ||
| 504 | _a | ||
| 942 | _cBK | ||
| 999 |
_c8014 _d8014 |
||